00591 2200181 4500001002100000005001500021035002000036008004100056041000700097082001400104090001400118245012000132260006900252300003400321084002000355110001200375990002200387INLIS00000000000154220260429031758 a0010-0321001542260429 | | ind  aid a63:331.36 a374/BAD/p1 aPedoman Penyelenggaraan Diklat Pertanian :bBuku 1 Pengembangan Program Diklat Berbasis Kompetensi (CBT) /cBPPSDMP aJakarta :bBadan Pengembangan Sumberdya Manusia Pertanian,c2003 aiii, 13 hal. :bIlus ;c23 cm a63:331.36 BPP p2 aBPPSDMP a5144/BPPSDMP/2026